Profilaxis de la tiña (Record no. 164790)

MARC details
000 -LEADER
campo de control de longitud fija 00961nam a2200205 i 4500
001 - NÚMERO DE CONTROL
campo de control 164790
003 - IDENTIFICADOR DE NÚMERO DE CONTROL
campo de control ES-MaACL
005 - FECHA Y HORA DE LA ÚLTIMA TRANSACCIÓN
campo de control 20250820080826.0
008 - DATOS DE LONGITUD FIJA--INFORMACIÓN GENERAL
campo de control de longitud fija 021113s1891 sp |||| | spa d
040 ## - FUENTE DE CATALOGACIÓN
Centro catalogador/agencia de origen CCPB | B
Lengua de catalogación spa
Centro/agencia transcriptor CCPB | B
100 1# - ENTRADA PRINCIPAL--NOMBRE DE PERSONA
Nombre de persona Sarabia y Pardo, Jesús,
Fechas asociadas al nombre 1865-1943
9 (RLIN) 103740
245 10 - MENCIÓN DEL TÍTULO
Título Profilaxis de la tiña
Resto del título : cartilla premiada por esta sociedad en el concurso público de 1890 /
Mención de responsabilidad, etc. escrita por Jesús Sarabia Pardo.
260 ## - PUBLICACIÓN, DISTRIBUCIÓN, ETC.
Lugar de publicación, distribución, etc. Madrid :
Nombre del editor, distribuidor, etc. [s.n.],
Fecha de publicación, distribución, etc. 1891 (
Fabricante Oficinas de la Sociedad)
300 ## - DESCRIPCIÓN FÍSICA
Extensión 26 p. ;
Dimensiones 18 cm.
490 1# - MENCIÓN DE SERIE
Mención de serie Publicaciones de la Sociedad Española de Higiene ;
Designación de volumen o secuencia quinto concurso de premios
650 #7 - PUNTO DE ACCESO ADICIONAL DE MATERIA--TÉRMINO DE MATERIA
Término de materia o nombre geográfico como elemento de entrada Tiña
Fuente del encabezamiento o término embne
9 (RLIN) 170408
830 0# - PUNTO DE ACCESO ADICIONAL DE SERIE-TÍTULO UNIFORME
Título uniforme Publicaciones de la Sociedad Española de Higiene ;
Designación de volumen o secuencia quinto concurso de premios
9 (RLIN) 182452
852 ## - LOCALIZACIÓN
Ubicación ES-MaACL
Número de control de estantería T-596-F-4
Nota libre - Enc. hol. conservando la cub. original
-- . - Dedic. ms. al Ateneo de Madrid
-- - Enc. en un vol. facticio
Holdings
Estatus retirado Estado de pérdida Estado de daño No para préstamo Colección Biblioteca de origen Biblioteca actual Ubicación en estantería Fecha de adquisición Total de préstamos Signatura topográfica completa Código de barras Visto por última vez Precio de reemplazo Tipo de ítem Koha
        Colección de folletos Biblioteca del Ateneo de Madrid Biblioteca del Ateneo de Madrid Depósito folletos 17/01/2008   T-596-F-4 1172748 23/02/2023 23/02/2023 Folleto